01438 a2200241 45000010006000000050017000060080041000230030015000640400040000790800022001192450070001410200022002112500012002332640043002453000019002885050724003070410008010311000021010397000021010606500009010818560095010906500011011855930320260407155847.0260407a2023 arg spa dAR-UNSa-BCEJYS aAR-UNSa-BCEJYSbspacAR-UNSa-BCEJYS a657xContabilidad10aLecturas de contabilidad básicapcon ejercicios de aplicación a978-987-716-183-0 a5a. ed. 1aBuenos Aires :bOsmar D. Buyattic2023 a612 p.c22 cm. a1. El marco general de la contabilidad – 2. Fundamentos de la contabilidad patrimonial – 3. Actividades y operaciones de las organizaciones – 4. El proceso contable – 5. Caja y bancos – 6. Créditos – 7. Bienes de cambio - (inventarios) – 8. Bienes de cambio - Empresa industrial – 9. Bienes de cambio – Empresa de servicios – 10. Bienes de uso – (propiedades, planta y equipo) – 11. Activos intangibles – 12. Inversiones y propiedades de inversión – 13. Deudas – 14. Previsiones – 15. Patrimonio neto – 16. Culminación del proceso contable – 17. Caso integral de aplicación – 18. Ajuste por inflación – 19. Las normas internacionales de información financiera (NIFF)  aspa1 aSimaro, Jorge D.1 aTonelli, Omar E. aNIIF41uhttps://biblioeco.unsa.edu.ar/pmb/images/libros/L129050.jpgyImagen de portadaqimage/jpeg a niif